Normal view
MARC view
- تأليف أبو يحيى، محمد حسن
Entry Personal Name
001 - CONTROL NUMBER
- control field: 7428
003 - CONTROL NUMBER IDENTIFIER
- control field: JO-AjAnu
005 - DATE AND TIME OF LATEST TRANSACTION
- control field: 20230606071512.0
008 - FIXED-LENGTH DATA ELEMENTS
- fixed length control field: 230606|| aca||aabn | a|a d
040 ## - CATALOGING SOURCE
- Original cataloging agency: JO-AjAnu
- Transcribing agency: JO-AjAnu
100 ## - HEADING--PERSONAL NAME
- Personal name: تأليف أبو يحيى، محمد حسن
670 ## - SOURCE DATA FOUND
- Source citation: Work cat.: (JO-AjAnu)3842: تأليف أبو يحيى، محمد حسن , author, أحكام الزواج في الشريعة الإسلامية : دراسة فقهية مقارنة بقانون الأحوال الشخصية الأردني